Caça-olhares (Record no. 24616)

Metadata
000 -Etiqueta do registo
campo de controlo de comprimento fixo 01089nam a2200349 4500
001 - Identificador do registo
Campo de controlo 24616
010 ## - ISBN
Número (ISBN) 9789897491283
021 ## - Nº depósito legal
Código do país Portugal
Número 467983/20
100 ## - Dados Gerais de Proc.
Dados gerais de processamento 20200805d2020 bc y0pory50030103ba
101 1# - Língua da publicação
Língua do texto, banda sonora, etc. Português
102 ## - País de Publicação
País de publicação Portugal
105 ## - Dados Codif. Livros
Dados codificados dos livros a z 000fy
106 ## - Atributos Físicos
Dados codificados do material textual r
200 1# - Título
Título próprio Caça-olhares
Primeira menção de responsabilidade Marina Núñez, Avi Ofer
Outras menções de responsabilidade trad. Elisabete Ramos
210 #9 - Publicação, Distribuição
Lugar da edição, distribuição, etc. Matosinhos
Nome do editor, distribuidor, etc. Kalandraka
Data da publicação, distribuição, etc. 2020
215 ## - Descrição física
Descrição física [34] p.
Outras indicações físicas todo il.
Dimensões 23 cm
225 2# - Colecção
Título próprio da colecção Livros para sonhar
304 ## - Título
Texto da nota Tít. orig.: Atrapamiradas
330 ## - Sumário ou Resumo
Texto da nota «Caça-Olhares» é o espelho da realidade em que muitas crianças se veem amiúde refletidas face a uma sociedade presa aos seus dispositivos móveis. Porém, por mais infinita que seja a oferta de chamadas, mensagens, fotos, música, redes sociais, aplicações e sites por onde navegar, nada é equiparável "às coisas mais maravilhosas" que se podem apreciar, não através de um ecrã, mas graças à retina.

A protagonista desta obra, que foi finalista do XII Prémio Internacional Compostela para Álbuns Ilustrados, com autoria de Marina Núñez e Avi Ofer, decide tomar a iniciativa e inverter essa tendência, fazendo com que a comunicacão interpessoal volte a fazer parte da vida quotidiana.

Para tal, Vera contará com a ajuda de alguém muito especial, alguém que não sucumbiu aos encantos do digital e que, acima de tudo, dedica o seu tempo ao que éverdadeiramente importante.
606 ## - Nome comum
Elemento de entrada Literatura infantil
Subdivisão de assunto Conto
675 ## - CDU
Notação 087.5
Edição BN
Língua da edição Português
675 ## - CDU
Notação 821.134.2-93"20"
Edição BN
Língua da edição Português
675 ## - CDU
Notação 821.134.2-34"20"
Edição BN
Língua da edição Português
700 #1 - Responsabilidade principal
Palavra de ordem Núñez
Outra parte do nome Marina
701 #1 - Co-responsabilidade principal
Palavra de ordem Ofer
Outra parte do nome Avi
Código de função Ilustrador
702 #1 - Responsabilidade secundária
Palavra de ordem Ramos
Outra parte do nome Elisabete
Código de função Tradutor
801 #0 - Fonte de origem
País Portugal
Agência BEDB
Regras de catalogação RPC
090 ## - Números de controlo do sistema (Koha)
Número biblioitem do Koha (gerado automaticamente) 24616
942 ## - Elementos de entrada adicionados (Koha)
Suprimido Disponível no OPAC
Tipo de item no Koha Monografia
Holdings
Removido (estado) Perdido (estado) Data de aquisição Origem do registo (biblioteca) (codificado) Código da organização que empresta ou é detentora (biblioteca) Código de barras Cota Data de empréstimo ou depósito Termo da data do empréstimo Tipo de circulação (não pode ser emprestado) Tipo de item e material
Disponível Disponível 2026-01-08 BE Diogo Bernardes BE Diogo Bernardes D00028681 82-93 NUNM 2026-04-13 2026-05-05 Normal Monografia
Disponível Disponível 2026-01-08 BE Diogo Bernardes BE Diogo Bernardes D00028682 82-93 NUNM 2026-03-13 2026-04-06 Normal Monografia
Disponível Disponível 2026-01-08 BE Diogo Bernardes BE Diogo Bernardes D00028683 82-93 NUNM 2026-04-13 2026-05-05 Normal Monografia
Disponível Disponível 2026-01-08 BE Diogo Bernardes BE Diogo Bernardes D00028684 82-93 NUNM 2026-03-12 2026-04-02 Normal Monografia
Disponível Disponível 2026-01-08 BE Diogo Bernardes BE Diogo Bernardes D00028685 82-93 NUNM 2026-04-13   Normal Monografia
Disponível Disponível 2026-01-08 BE Diogo Bernardes BE Diogo Bernardes D00028686 82-93 NUNM 2026-03-13   Normal Monografia